000 00344nam a22001457a 4500
008 210511b ||||| |||| 00| 0 eng d
020 _a9780471355427
041 _aeng
080 _24th
_a54
082 _a54
100 _a12
101 _aKIM
245 _aRapid Guide to Hazardous Chemicals in the Workplace
_cLewis,R.J
942 _2udc
_cBK
999 _c57215
_d57215